000 00657nam a2200241 a 4500
999 _c4959
_d4959
001 4959
003 BD-JhCC
005 20171206091552.0
008 090518s1966 ii ha 000 0 eng d
010 _asa 67002289
035 _a(BD-JhCC)4959
040 _aDLC
_cDLC
_dDLC
_dBD-JhCC
050 0 0 _aDS481.B6
_bK8
082 _a920
_bKUR 1966
100 1 _aKurti, Kitty.
245 1 0 _aSubhas Chandra Bose as I knew him /
_cKitty Kurti,
260 _aCalcutta,
_bFirma K. L. Mukhopadhyay
_c[1966]
300 _a66 p.
_billus., facsims.
_c22 cm.
521 _bMeraj
600 1 0 _aBose, Subhas Chandra,
_d1897-1945.
610 _2Biography
942 _2ddc
_cBK